It looks like you're offline.
Open Library logo
additional options menu

MARC record from Internet Archive

LEADER: 01235cam 2200421 a 4500
001 ocm44915346
003 OCoLC
005 20210715164533.0
008 010910r20001967enk 000 f eng
040 $aUKM$beng$cUKM$dYDXCP$dOCLCQ$dJ9U
015 $aGBA0W3985$2bnb
020 $a057507146X
020 $a9780575071469
035 $a(OCoLC)44915346
082 04 $a813.54$221
100 1 $aSilverberg, Robert.
245 10 $aThorns /$cRobert Silverberg.
260 $aLondon :$bGollancz,$c2000, ©1967.
300 $a222 pages ;$c22 cm.
336 $atext$btxt$2rdacontent
337 $aunmediated$bn$2rdamedia
338 $avolume$bnc$2rdacarrier
490 0 $aGollancz SF collectors' edition
500 $aOriginally published: Agberg Ltd, 1967.
655 7 $aScience fiction.$2gsafd
655 4 $aAmerican fiction
938 $aYBP Library Services$bYANK$n100217323
029 1 $aAU@$b000021734090
029 1 $aNZ1$b5757634
029 1 $aUKBCI$b061230677
029 1 $aUKBNS$b061230677
029 1 $aUKBOR$b061230677
029 1 $aUKSCO$b061230677
029 1 $aUKSGC$b061230677
029 1 $aUKSOM$b061230677
029 1 $aUNITY$b061230677
994 $aZ0$bP4A
948 $hNO HOLDINGS IN P4A - 25 OTHER HOLDINGS